[Event "DEM U12/U12w 2006"]
[Site "Willingen GER"]
[Date "2006.06.04"]
[Round "2"]
[White "Kühnel, Lena"]
[Black "Müller, Tobias"]
[Result "0-1"]
[Termination "normal"]
[Board "24"]
[WhiteElo "1243"]
[BlackElo "1620"]
[PlyCount "94"]
[WhiteFideId "24640956"]
[BlackFideId "24643394"]
[EventCountry "GER"]
[EventRounds "11"]
[EventType "swiss"]
[EventDate "2006.06.03"]

1. e4 c5 2. Nf3 d6 3. d4 cxd4 4. Nxd4 Nf6 5. Nc3 g6 6. Be3 Bg7 7. f3 O-O 8. Qd2
Nc6 9. O-O-O d5 10. Nxc6 bxc6 11. exd5 Nxd5 12. Nxd5 cxd5 13. Qxd5 Qc7 14. Qxa8
Bf5 15. Qxf8+ Kxf8 16. Rd2 h5 17. Be2 Kg8 18. Rhd1 Qb7 19. Rd8+ Kh7 20. Bd4 Qc7
21. Bc3 Bxc3 22. bxc3 Qxc3 23. Bd3 Qa3+ 24. Kb1 Be6 25. c4 Qb4+ 26. Ka1 Bxc4
27. Bxc4 Qxc4 28. R8d7 Qc3+ 29. Kb1 Qf6 30. Kc2 Qf5+ 31. Kb2 Qe5+ 32. Kc2 Qxh2
33. Rxe7 Qxg2+ 34. Rd2 Qxf3 35. Rxa7 Qe4+ 36. Kc1 Qc4+ 37. Rc2 Qf4+ 38. Rd2 Kg7
39. Rad7 h4 40. R7d4 Qf1+ 41. Rd1 Qf2 42. R1d2 Qg1+ 43. Rd1 Qg5+ 44. R1d2 h3
45. R4d3 h2 46. Rh3 Qc5+ 47. Rc2 Qg1+ 0-1

[Event "DEM U12/U12w 2006"]
[Site "Willingen GER"]
[Date "2006.06.04"]
[Round "2"]
[White "Kreiter, Thomas"]
[Black "Stoevesand, Eric"]
[Result "1-0"]
[Termination "normal"]
[Board "25"]
[WhiteElo "1561"]
[BlackElo "1244"]
[PlyCount "125"]
[WhiteFideId "24645591"]
[BlackFideId "24651117"]
[EventCountry "GER"]
[EventRounds "11"]
[EventType "swiss"]
[EventDate "2006.06.03"]

1. e4 e5 2. Nf3 Nc6 3. Bb5 a6 4. Bxc6 dxc6 5. d4 exd4 6. Qxd4 Qf6 7. Bg5 Qxd4
8. Nxd4 f6 9. Be3 Bd6 10. Nc3 Ne7 11. O-O Bd7 12. Nb3 b6 13. Rfe1 g5 14. Bd4
Be5 15. Bxe5 fxe5 16. Rad1 O-O-O 17. Nd2 Rdf8 18. Nc4 Ng6 19. g3 h5 20. b3 h4
21. Rd2 Bh3 22. Ne3 Rhg8 23. a4 Rf7 24. Ncd1 Rfg7 25. Nf5 Nf4 26. Nxg7 Rxg7 27.
f3 Ne6 28. Nf2 g4 29. Nxh3 gxh3 30. Kf2 hxg3+ 31. hxg3 Rf7 32. c3 Ng5 33. Rd3
Kb7 34. g4 Ne6 35. Red1 Nc5 36. Re3 Ne6 37. Rd2 Rh7 38. Re1 Nf4 39. Kg1 Rh8 40.
Red1 Rh6 41. Kh2 Ne6 42. Rd7 Kc8 43. Rf7 Ng5 44. Rf5 Rg6 45. Rf1 Ne6 46. Rxe5
Nc5 47. Kxh3 Nxb3 48. f4 Nc5 49. f5 Rg7 50. f6 Rf7 51. Rxc5 bxc5 52. g5 Rh7+
53. Kg4 Kd7 54. g6 Rh6 55. Kg5 Rh8 56. g7 Rg8 57. Kg6 Ke6 58. f7 Rc8 59. f8=Q
Rxf8 60. gxf8=Q c4 61. Qe8+ Kd6 62. Rf6+ Kc5 63. Qxc6# 1-0

[Event "DEM U12/U12w 2006"]
[Site "Willingen GER"]
[Date "2006.06.04"]
[Round "2"]
[White "Risius, Philipp"]
[Black "Kügel, Tobias"]
[Result "1-0"]
[Termination "normal"]
[Board "26"]
[WhiteElo "1557"]
[BlackElo "1408"]
[PlyCount "89"]
[WhiteFideId "24630330"]
[BlackFideId "4636295"]
[EventCountry "GER"]
[EventRounds "11"]
[EventType "swiss"]
[EventDate "2006.06.03"]

1. f4 d5 2. Nf3 Nf6 3. b3 g6 4. Bb2 Bg7 5. e3 O-O 6. Nc3 Nc6 7. Bb5 Bd7 8. Bxc6
Bxc6 9. Ne5 Qd6 10. O-O Nd7 11. Nxc6 Qxc6 12. f5 Nc5 13. d4 Nd7 14. Qf3 Nf6 15.
Rac1 e6 16. fxg6 fxg6 17. Qe2 Bh6 18. Rf3 Nd7 19. Rcf1 Rxf3 20. Rxf3 Rf8 21. e4
Bg7 22. Rxf8+ Nxf8 23. e5 Nd7 24. Kf2 Bf8 25. Nd1 Qb6 26. Ne3 Bh6 27. Ng4 Bg7
28. Kf3 c5 29. Qe3 c4 30. Qc3 cxb3 31. Qc8+ Nf8 32. axb3 Qc6 33. Qxc6 bxc6 34.
Kf4 h5 35. Nf2 Bh6+ 36. Kf3 Bd2 37. Nd3 Ba5 38. Nc5 Bb6 39. Ba3 Bxc5 40. Bxc5
a6 41. Bxf8 Kxf8 42. Kf4 a5 43. Kg5 Kg7 44. h4 Kf7 45. Kh6 1-0

[Event "DEM U12/U12w 2006"]
[Site "Willingen GER"]
[Date "2006.06.04"]
[Round "2"]
[White "Warmer, Marina"]
[Black "Titgemeyer, Sven"]
[Result "0-1"]
[Termination "normal"]
[Board "27"]
[WhiteElo "1036"]
[BlackElo "1557"]
[PlyCount "56"]
[WhiteFideId "12909840"]
[BlackFideId "24676934"]
[EventCountry "GER"]
[EventRounds "11"]
[EventType "swiss"]
[EventDate "2006.06.03"]

1. e4 e5 2. Nf3 Nc6 3. d4 exd4 4. Nxd4 Bc5 5. Be3 Qf6 6. c3 Nge7 7. Bc4 b6 8.
Nc2 Bxe3 9. Nxe3 Bb7 10. f3 O-O-O 11. O-O h5 12. Nd2 h4 13. h3 Qf4 14. Ng4 d5
15. Bb3 dxe4 16. fxe4 Qxd2 17. Qxd2 Rxd2 18. Rxf7 Rxb2 19. Rxg7 Re2 20. Nf2 Rf8
21. Rf1 Ba6 22. Ba4 Rxa2 23. Bxc6 Nxc6 24. Rh7 Bxf1 25. Kxf1 Rfxf2+ 26. Kg1
Rxg2+ 27. Kf1 Rgb2 28. Rxh4 Rb1# 0-1

[Event "DEM U12/U12w 2006"]
[Site "Willingen GER"]
[Date "2006.06.04"]
[Round "2"]
[White "Weber, Max"]
[Black "Schreiner, Till"]
[Result "0-1"]
[Termination "normal"]
[Board "28"]
[WhiteElo "1333"]
[BlackElo "1499"]
[PlyCount "94"]
[WhiteFideId "4624831"]
[BlackFideId "24675555"]
[EventCountry "GER"]
[EventRounds "11"]
[EventType "swiss"]
[EventDate "2006.06.03"]

1. e4 c6 2. d4 d5 3. Nc3 dxe4 4. Nxe4 Bf5 5. Ng3 Bg6 6. Nf3 Nd7 7. Bd3 Bxd3 8.
Qxd3 Ngf6 9. O-O e6 10. c4 Be7 11. Bf4 O-O 12. a3 c5 13. d5 exd5 14. cxd5 Re8
15. Rfe1 Qb6 16. Rab1 Bd6 17. Bxd6 Qxd6 18. Nf5 Qxd5 19. Qxd5 Nxd5 20. Rxe8+
Rxe8 21. Nd6 Rb8 22. Re1 b6 23. Re8+ Rxe8 24. Nxe8 Kf8 25. Nd6 Nf4 26. Kf1 Nd3
27. b3 a6 28. Ne1 Nxe1 29. Kxe1 Ke7 30. Ne4 Ke6 31. Ke2 f5 32. Nc3 Ke5 33. Ke3
Nf6 34. f4+ Kd6 35. h3 Nd5+ 36. Nxd5 Kxd5 37. Kd3 b5 38. g4 g6 39. b4 c4+ 40.
Ke3 c3 41. Kd3 c2 42. Kxc2 Ke4 43. Kd2 Kxf4 44. gxf5 gxf5 45. Ke2 Kg3 46. Ke3
f4+ 47. Ke2 Kg2 0-1

[Event "DEM U12/U12w 2006"]
[Site "Willingen GER"]
[Date "2006.06.04"]
[Round "2"]
[White "Pfeiffer, Daniel"]
[Black "Düssler, Stefanie"]
[Result "1-0"]
[Termination "normal"]
[Board "29"]
[WhiteElo "1606"]
[BlackElo "1289"]
[PlyCount "87"]
[WhiteFideId "24641960"]
[BlackFideId "4634780"]
[EventCountry "GER"]
[EventRounds "11"]
[EventType "swiss"]
[EventDate "2006.06.03"]

1. e4 d5 2. exd5 Qxd5 3. Nc3 Qa5 4. d4 Nf6 5. Bc4 Bf5 6. Bd2 c6 7. Nf3 e6 8.
Nd5 Qd8 9. Nxf6+ Qxf6 10. Bc3 Qd8 11. Qe2 Nd7 12. O-O Bd6 13. Rad1 Nb6 14. Bb3
Qc7 15. Ba5 Bg4 16. h3 Bh5 17. c4 c5 18. Ba4+ Kf8 19. d5 exd5 20. Rxd5 Bxf3 21.
gxf3 Bh2+ 22. Kh1 Qf4 23. Bxb6 axb6 24. Re1 g6 25. b3 Kg7 26. Qb2+ Kh6 27. Kg2
f5 28. Rh1 Qg5+ 29. Kxh2 Qf4+ 30. Kg2 Qg5+ 31. Kf1 Rad8 32. h4 Qf4 33. h5 Qxf3
34. Qd2+ Kg7 35. h6+ Kf7 36. Rd7+ Rxd7 37. Qxd7+ Kf6 38. Qg7+ Ke6 39. Qd7+ Kf6
40. Qd6+ Kf7 41. Qd5+ Qxd5 42. cxd5 Rd8 43. Bb5 Kf6 44. Bc4 1-0

[Event "DEM U12/U12w 2006"]
[Site "Willingen GER"]
[Date "2006.06.04"]
[Round "2"]
[White "Lebek, Ricarda"]
[Black "Rozenfeld, Elisabeth"]
[Result "1-0"]
[Termination "normal"]
[Board "30"]
[WhiteElo "1577"]
[BlackElo "1271"]
[PlyCount "35"]
[WhiteFideId "4624688"]
[BlackFideId "4624742"]
[EventCountry "GER"]
[EventRounds "11"]
[EventType "swiss"]
[EventDate "2006.06.03"]

1. e4 e5 2. Bc4 Nf6 3. d3 Bc5 4. Nf3 Nc6 5. Bb3 O-O 6. O-O d6 7. c3 Bb6 8. Nbd2
Bg4 9. h3 Bh5 10. Re1 Qd7 11. Nf1 Rad8 12. Ng3 Bxf3 13. Qxf3 d5 14. Bg5 dxe4
15. dxe4 Qe7 16. Nf5 Qc5 17. Bxf6 g6 18. Nh6# 1-0

[Event "DEM U12/U12w 2006"]
[Site "Willingen GER"]
[Date "2006.06.04"]
[Round "2"]
[White "Rafayevych, Vilen"]
[Black "Weißenburg, Isabel"]
[Result "1-0"]
[Termination "normal"]
[Board "31"]
[WhiteElo "1448"]
[BlackElo "1255"]
[PlyCount "69"]
[WhiteFideId "24673897"]
[BlackFideId "4612922"]
[EventCountry "GER"]
[EventRounds "11"]
[EventType "swiss"]
[EventDate "2006.06.03"]

1. d4 d5 2. Nf3 Nf6 3. c4 e6 4. Bg5 Be7 5. Nc3 O-O 6. e3 Nbd7 7. Rc1 a6 8. cxd5
exd5 9. Bd3 Re8 10. O-O c6 11. Bb1 Nf8 12. Ne5 Bd6 13. f4 Ng6 14. Ne2 Be7 15.
Ng3 Nxe5 16. fxe5 Ng4 17. Bxe7 Qxe7 18. Qd3 g6 19. h3 Qh4 20. e4 Nh6 21. exd5
cxd5 22. Qe3 Kg7 23. Rf6 Kg8 24. Rcf1 Bf5 25. Nxf5 Nxf5 26. Qf4 Qxf4 27. Rxf4
Nh6 28. g4 g5 29. Rf2 Kg7 30. Kg2 Rac8 31. Bd3 Rcd8 32. Kg3 Re6 33. h4 gxh4+
34. Kxh4 Ng8 35. Rxf7+ 1-0

[Event "DEM U12/U12w 2006"]
[Site "Willingen GER"]
[Date "2006.06.04"]
[Round "2"]
[White "Luther, Alexander"]
[Black "Fittkau, Nico"]
[Result "0-1"]
[Termination "normal"]
[Board "32"]
[WhiteElo "1248"]
[BlackElo "1436"]
[PlyCount "54"]
[WhiteFideId "24682616"]
[EventCountry "GER"]
[EventRounds "11"]
[EventType "swiss"]
[EventDate "2006.06.03"]

1. e4 c6 2. d4 d5 3. e5 Bf5 4. Nf3 e6 5. Nc3 Nd7 6. Be2 c5 7. Be3 Ne7 8. Nh4
Bg6 9. dxc5 Nc6 10. Nxg6 fxg6 11. f4 Bxc5 12. Bxc5 Nxc5 13. Bf3 O-O 14. g3 Qb6
15. b3 Rad8 16. Qd2 d4 17. Ne2 d3 18. Nc1 dxc2 19. Qxc2 Nxe5 20. fxe5 Rxf3 21.
Qg2 Nd3+ 22. Nxd3 Qe3+ 23. Kd1 Rxd3+ 24. Kc2 Qc5+ 25. Kb2 Qc3+ 26. Ka3 Rd5 27.
Qxf3 Ra5# 0-1

[Event "DEM U12/U12w 2006"]
[Site "Willingen GER"]
[Date "2006.06.04"]
[Round "2"]
[White "von Schwerin, Clemens"]
[Black "Kormann, Jewgenija"]
[Result "1-0"]
[Termination "normal"]
[Board "33"]
[WhiteElo "1423"]
[BlackElo "1236"]
[PlyCount "143"]
[WhiteFideId "4613228"]
[BlackFideId "24606669"]
[EventCountry "GER"]
[EventRounds "11"]
[EventType "swiss"]
[EventDate "2006.06.03"]

1. c4 c6 2. Nf3 d5 3. b3 h6 4. Bb2 Bf5 5. e3 e6 6. Be2 Nd7 7. O-O Ngf6 8. d4 c5
9. Nbd2 Bd6 10. Ne5 Bh7 11. f4 Qc7 12. Bh5 Nxh5 13. Qxh5 Nf6 14. Qh4 O-O 15.
Rf3 Bxe5 16. fxe5 Ne4 17. Nxe4 Bxe4 18. Rg3 Kh8 19. Rf1 Rg8 20. Rf6 Kh7 21. Rh3
Bg6 22. g4 Rh8 23. g5 h5 24. Rf2 Kg8 25. cxd5 exd5 26. Rf1 c4 27. Rc1 Qa5 28.
Ra1 cxb3 29. axb3 Qb4 30. Ra3 Bc2 31. e4 Bxe4 32. Qf2 a6 33. Rc3 Qe7 34. h4 Qd7
35. Ra5 b6 36. Ra1 Kh7 37. Rac1 Qg4+ 38. Kf1 Qf5 39. Rc7 Rhf8 40. Qxf5+ Bxf5
41. Rb7 b5 42. Rcc7 Kg8 43. Kf2 Rfc8 44. Rxf7 Rc2+ 45. Ke3 Rxb2 46. Rxf5 Rxb3+
47. Kd2 Rf8 48. Rxf8+ Kxf8 49. Ra7 Ra3 50. g6 Rh3 51. Rf7+ Ke8 52. Rxg7 Rxh4
53. Ra7 Rxd4+ 54. Kc3 Rg4 55. g7 h4 56. e6 h3 57. Ra8+ Ke7 58. g8=Q Rxg8 59.
Rxg8 h2 60. Rh8 Kxe6 61. Rxh2 Ke5 62. Ra2 d4+ 63. Kd3 Kd5 64. Rxa6 Kc5 65. Ra8
Kb4 66. Rd8 Kb3 67. Rxd4 b4 68. Kd2 Ka3 69. Kc2 b3+ 70. Kb1 b2 71. Rd2 Kb3 72.
Rxb2+ 1-0

[Event "DEM U12/U12w 2006"]
[Site "Willingen GER"]
[Date "2006.06.04"]
[Round "2"]
[White "Schätz, Annika"]
[Black "Kneip, Jakob"]
[Result "1-0"]
[Termination "normal"]
[Board "34"]
[WhiteElo "1406"]
[BlackElo "1204"]
[PlyCount "57"]
[WhiteFideId "24674796"]
[BlackFideId "12912859"]
[EventCountry "GER"]
[EventRounds "11"]
[EventType "swiss"]
[EventDate "2006.06.03"]

1. e4 c5 2. Nf3 Nc6 3. d4 cxd4 4. Nxd4 g6 5. Nc3 Bg7 6. Be3 Nf6 7. Bc4 Qa5 8.
O-O Qb4 9. Bb3 Nxe4 10. a3 Qd6 11. Nxe4 Qe5 12. Nxc6 Qxe4 13. Nd4 b6 14. Re1
O-O 15. c3 Bb7 16. f3 Qe5 17. Bh6 Qf6 18. Bxg7 Kxg7 19. Qe2 e6 20. Rad1 a5 21.
Ba4 d5 22. Bb5 Rfd8 23. Qe5 Qxe5 24. Rxe5 Rf8 25. g4 Rac8 26. f4 Kf6 27. Rde1
Rg8 28. Nxe6 fxe6 29. Rxe6+ 1-0

[Event "DEM U12/U12w 2006"]
[Site "Willingen GER"]
[Date "2006.06.04"]
[Round "2"]
[White "Pohl, Theresa"]
[Black "Maier, Florian"]
[Result "0-1"]
[Termination "normal"]
[Board "35"]
[WhiteElo "1225"]
[BlackElo "1404"]
[PlyCount "48"]
[EventCountry "GER"]
[EventRounds "11"]
[EventType "swiss"]
[EventDate "2006.06.03"]

1. d4 d5 2. Nf3 Nf6 3. e3 e6 4. Bd3 Bd6 5. Nbd2 Nbd7 6. O-O O-O 7. Re1 c5 8. c3
Re8 9. e4 cxd4 10. cxd4 dxe4 11. Nxe4 Be7 12. Qc2 Qa5 13. Nxf6+ Nxf6 14. Bg5 h6
15. Bxf6 Bxf6 16. Rec1 Bd7 17. Qc7 Qxc7 18. Rxc7 Bc6 19. Ne5 Bxe5 20. dxe5 Red8
21. Rd1 Rd5 22. f4 Rad8 23. Bh7+ Kxh7 24. Rxd5 Rxd5 0-1

[Event "DEM U12/U12w 2006"]
[Site "Willingen GER"]
[Date "2006.06.04"]
[Round "2"]
[White "Lang, Sascha"]
[Black "Bohrmann, Sandra"]
[Result "1-0"]
[Termination "normal"]
[Board "36"]
[WhiteElo "1400"]
[BlackElo "1110"]
[PlyCount "83"]
[BlackFideId "12905437"]
[EventCountry "GER"]
[EventRounds "11"]
[EventType "swiss"]
[EventDate "2006.06.03"]

1. e4 e5 2. Nf3 Nc6 3. Nc3 Nf6 4. Bb5 Bc5 5. Bxc6 dxc6 6. Nxe5 Bxf2+ 7. Kxf2
Qd4+ 8. Ke1 Qxe5 9. d3 O-O 10. Be3 Nd5 11. Qd2 Bg4 12. d4 Qe7 13. exd5 Rfe8 14.
dxc6 Qxe3+ 15. Qxe3 Rxe3+ 16. Kd2 Ree8 17. cxb7 Rab8 18. Rhe1 Red8 19. Re4 Be6
20. b3 Rxb7 21. Ne2 c5 22. c4 Rbd7 23. Kc3 cxd4+ 24. Rxd4 Kf8 25. Rad1 Ke7 26.
Rxd7+ Bxd7 27. Nf4 Re8 28. Re1+ Be6 29. b4 Rc8 30. c5 a6 31. a4 Kf6 32. Nxe6
fxe6 33. Kc4 Ke7 34. b5 axb5+ 35. axb5 Kd7 36. Rf1 Ke7 37. b6 g5 38. b7 Rb8 39.
c6 Kd6 40. Kb5 Kc7 41. Rf7+ Kd8 42. Rxh7 1-0

[Event "DEM U12/U12w 2006"]
[Site "Willingen GER"]
[Date "2006.06.04"]
[Round "2"]
[White "Dittmann, Jan"]
[Black "Alber, Alexander"]
[Result "0-1"]
[Termination "normal"]
[Board "37"]
[WhiteElo "1201"]
[BlackElo "1398"]
[PlyCount "130"]
[BlackFideId "4640039"]
[EventCountry "GER"]
[EventRounds "11"]
[EventType "swiss"]
[EventDate "2006.06.03"]

1. c4 e5 2. Nc3 Nf6 3. g3 d5 4. cxd5 Nxd5 5. Bg2 Nb6 6. Nf3 Nc6 7. d3 Be7 8.
O-O O-O 9. a3 a5 10. Bd2 Be6 11. Rc1 Qd7 12. Ne4 Rad8 13. Nc5 Bxc5 14. Rxc5 Qd6
15. Qc1 Na4 16. Rc2 Bb3 17. Rxc6 bxc6 18. Bxa5 Rfe8 19. Nd2 Bd5 20. Ne4 Bxe4
21. Bxe4 Re6 22. Qc2 Nb6 23. Rc1 Nd5 24. Bxd5 Qxd5 25. Bxc7 Rd7 26. Qa4 h6 27.
Ba5 Ra7 28. b4 e4 29. Rd1 exd3 30. Rxd3 Qa2 31. Qd1 Qxe2 32. Qxe2 Rxe2 33. Rc3
Re6 34. f4 Kf8 35. f5 Rd6 36. Kf2 Ke8 37. Kf3 Kd7 38. g4 Rd2 39. h4 Rd5 40. Ke4
Ra8 41. Kf4 Re8 42. Bb6 Rde5 43. Bc5 Re4+ 44. Kf3 g6 45. Rd3+ Kc7 46. f6 Rc4
47. Be7 h5 48. a4 Rxg4 49. a5 Rxh4 50. Kg3 Re4 51. Ra3 R8xe7 52. fxe7 Rxe7 53.
a6 Re8 54. a7 Kb7 55. Kh4 Ra8 56. Rf3 Rxa7 57. Rxf7+ Kb6 58. Rf6 Ra4 59. Rxg6
Rxb4+ 60. Kxh5 Rf4 61. Kg5 Rf1 62. Kg4 Rg1+ 63. Kf5 Rxg6 64. Kxg6 Kb5 65. Kf5
Kc4 0-1

[Event "DEM U12/U12w 2006"]
[Site "Willingen GER"]
[Date "2006.06.04"]
[Round "2"]
[White "Quaschner, Manuel"]
[Black "Rogasch, Miriam"]
[Result "1-0"]
[Termination "normal"]
[Board "38"]
[WhiteElo "1394"]
[BlackElo "1085"]
[PlyCount "51"]
[WhiteFideId "24690139"]
[BlackFideId "4616324"]
[EventCountry "GER"]
[EventRounds "11"]
[EventType "swiss"]
[EventDate "2006.06.03"]

1. e4 e5 2. Nf3 Nc6 3. Bc4 Nf6 4. Ng5 d5 5. exd5 Nd4 6. c3 b5 7. Bd3 Nxd5 8.
Nxf7 Kxf7 9. cxd4 Nf4 10. Be4 Rb8 11. O-O Qxd4 12. d3 Bc5 13. Nc3 Rd8 14. Be3
Qd6 15. Qf3 Kg8 16. Rad1 Rf8 17. Ne2 Nh3+ 18. gxh3 Rxf3 19. Bxf3 Bxe3 20. fxe3
Bxh3 21. Rf2 Rd8 22. Ng3 Qg6 23. Be4 Qg5 24. Re1 Rf8 25. Bd5+ Rf7 26. Rxf7 1-0

[Event "DEM U12/U12w 2006"]
[Site "Willingen GER"]
[Date "2006.06.04"]
[Round "2"]
[White "Holzmann, Arthur"]
[Black "Orhan, Eda"]
[Result "0-1"]
[Termination "normal"]
[Board "39"]
[WhiteElo "1099"]
[BlackElo "1391"]
[PlyCount "64"]
[BlackFideId "24659258"]
[EventCountry "GER"]
[EventRounds "11"]
[EventType "swiss"]
[EventDate "2006.06.03"]

1. d4 d5 2. Bf4 Nf6 3. e3 c6 4. Bd3 e6 5. Nf3 Nbd7 6. c3 c5 7. Nbd2 Be7 8. O-O
O-O 9. Re1 b6 10. e4 dxe4 11. Nxe4 Bb7 12. Nxf6+ Nxf6 13. Ng5 h6 14. Ne4 cxd4
15. Nxf6+ Bxf6 16. c4 Re8 17. Qc2 e5 18. Bd2 Qd7 19. Bf5 Qc7 20. Rac1 Qe7 21.
Qd1 Bg5 22. f4 Bf6 23. fxe5 Bxe5 24. Bf4 Qc5 25. b4 Qd6 26. Bxe5 Rxe5 27. Rxe5
Qxe5 28. Bc2 Qe3+ 29. Kf1 Re8 30. Ba4 Re6 31. Bb3 Rf6+ 32. Qf3 Bxf3 0-1

[Event "DEM U12/U12w 2006"]
[Site "Willingen GER"]
[Date "2006.06.04"]
[Round "2"]
[White "Barzen, Pascal"]
[Black "Krtschil, Anna"]
[Result "1-0"]
[Termination "normal"]
[Board "40"]
[WhiteElo "1390"]
[BlackElo "1077"]
[PlyCount "79"]
[WhiteFideId "24653497"]
[BlackFideId "4611144"]
[EventCountry "GER"]
[EventRounds "11"]
[EventType "swiss"]
[EventDate "2006.06.03"]

1. d4 d6 2. c4 g6 3. Nf3 Nf6 4. Nc3 Bg7 5. e4 O-O 6. Be3 c6 7. Qd2 a6 8. a4 d5
9. cxd5 cxd5 10. e5 Ne4 11. Qc2 Nxc3 12. Qxc3 Nc6 13. h4 Bg4 14. Rc1 Rc8 15.
Qd2 Qa5 16. Qxa5 Nxa5 17. Bd3 Rxc1+ 18. Bxc1 Rc8 19. O-O Bxf3 20. gxf3 Rc6 21.
Bd2 Nb3 22. Bc3 f6 23. f4 Bh6 24. f5 Kg7 25. f4 g5 26. exf6+ exf6 27. Re1 Rc7
28. fxg5 fxg5 29. Re5 Rd7 30. Bc2 Na1 31. Bd1 gxh4 32. Re6 Bg5 33. Re2 h6 34.
a5 Kf6 35. Ba4 Rg7 36. Kh1 Kxf5 37. Re1 b5 38. axb6 Bf4 39. Rxa1 h3 40. Rg1 1-0

[Event "DEM U12/U12w 2006"]
[Site "Willingen GER"]
[Date "2006.06.04"]
[Round "2"]
[White "Marx, Inga"]
[Black "Schmitt, Katrin"]
[Result "0-1"]
[Termination "normal"]
[Board "41"]
[WhiteElo "1078"]
[BlackElo "1380"]
[PlyCount "90"]
[WhiteFideId "4654749"]
[BlackFideId "24654400"]
[EventCountry "GER"]
[EventRounds "11"]
[EventType "swiss"]
[EventDate "2006.06.03"]

1. e4 e5 2. Nf3 Nc6 3. d4 exd4 4. Nxd4 Bc5 5. Be3 Qf6 6. c3 Nge7 7. Bc4 O-O 8.
O-O Bb6 9. f4 d6 10. Qd3 Na5 11. Nd2 Bd7 12. b4 Nxc4 13. Nxc4 d5 14. Ne5 Rad8
15. Nb3 dxe4 16. Qxe4 Bxe3+ 17. Qxe3 Qb6 18. Qc5 Qxc5+ 19. Nxc5 Bc8 20. Rfe1
Nd5 21. g3 Nxc3 22. a4 b6 23. Nb3 Bb7 24. a5 b5 25. Nc5 Ba8 26. Na6 Rc8 27.
Rac1 Nd5 28. Nf3 Nxb4 29. Nxb4 Bxf3 30. Re7 c5 31. Na6 c4 32. Rxa7 Ra8 33. Rxa8
Rxa8 34. Nc7 Rxa5 35. Re1 g6 36. Re3 Bc6 37. Rc3 Ra2 38. h4 Ra7 39. Nxb5 Bxb5
40. g4 Ra4 41. h5 Rb4 42. h6 Rb3 43. Rc2 c3 44. Ra2 Rb1+ 45. Kf2 Rb2+ 0-1

[Event "DEM U12/U12w 2006"]
[Site "Willingen GER"]
[Date "2006.06.04"]
[Round "2"]
[White "Martens, Julian"]
[Black "Gruber, Roland"]
[Result "1-0"]
[Termination "normal"]
[Board "43"]
[WhiteElo "1067"]
[BlackElo "1368"]
[PlyCount "113"]
[WhiteFideId "24652890"]
[BlackFideId "1270975"]
[EventCountry "GER"]
[EventRounds "11"]
[EventType "swiss"]
[EventDate "2006.06.03"]

1. e4 c5 2. Nf3 e6 3. Nc3 a6 4. d4 cxd4 5. Nxd4 Qc7 6. g3 Bb4 7. Bd2 Nf6 8. Bg2
O-O 9. a3 Be7 10. Bf4 d6 11. Nf3 Nbd7 12. Qd3 Nc5 13. Qe2 Rd8 14. O-O Qb6 15.
b4 Ncd7 16. Rad1 Nf8 17. Rd3 Ng6 18. Be3 Qc7 19. Bd4 Bd7 20. e5 Ng4 21. exd6
Bxd6 22. Nd2 e5 23. Be3 f5 24. h3 e4 25. Rxd6 Qxd6 26. hxg4 fxg4 27. Bxe4 Bc6
28. Bxc6 Qxc6 29. Nd1 Ne5 30. c3 Nf3+ 31. Nxf3 gxf3 32. Qc2 Rf8 33. Nb2 Qe6 34.
Kh2 Qg4 35. Rh1 Rf5 36. Kg1 Rh5 37. Rxh5 Qxh5 38. Nd3 Rf8 39. Ne1 Rf5 40. Qe4
Rf6 41. Qxb7 h6 42. Bd4 Rf7 43. Qxa6 Re7 44. Qf1 Re2 45. a4 Qg4 46. a5 Qe4 47.
Be3 g5 48. a6 g4 49. b5 Qb1 50. Nxf3 Qxf1+ 51. Kxf1 gxf3 52. a7 Ra2 53. Ke1
Re2+ 54. Kd1 Ra2 55. b6 Ra1+ 56. Kd2 Ra2+ 57. Kd3 1-0

[Event "DEM U12/U12w 2006"]
[Site "Willingen GER"]
[Date "2006.06.04"]
[Round "2"]
[White "Grzeca, Pascal"]
[Black "Veelders, Wiebke"]
[Result "1-0"]
[Termination "normal"]
[Board "44"]
[WhiteElo "1359"]
[BlackElo "997"]
[PlyCount "81"]
[WhiteFideId "24600741"]
[BlackFideId "1270955"]
[EventCountry "GER"]
[EventRounds "11"]
[EventType "swiss"]
[EventDate "2006.06.03"]

1. e4 e6 2. d4 d5 3. exd5 exd5 4. Nf3 Bd6 5. Be2 Ne7 6. O-O Bg4 7. Re1 c6 8. h3
Bh5 9. Bg5 f6 10. Bh4 Qc7 11. Nbd2 Nd7 12. Nf1 O-O-O 13. Bd3 Bf7 14. Bg3 Rde8
15. c3 g5 16. a4 h5 17. a5 g4 18. Bxd6 Qxd6 19. Nh4 gxh3 20. g3 Reg8 21. Bf5
Rg5 22. Bxh3 Ng6 23. Nf3 Nf4 24. Nxg5 Nxh3+ 25. Nxh3 h4 26. Qg4 hxg3 27. fxg3
Rg8 28. Qf4 Qf8 29. Re3 Rh8 30. Nf2 Qg7 31. Rae1 a6 32. Re7 Qg8 33. Qf5 Qd8 34.
Rxf7 Qc7 35. Ree7 Rd8 36. Ng4 Kb8 37. Rxd7 Qc8 38. Rxb7+ Ka8 39. Ra7+ Kb8 40.
Qf4+ Qc7 41. Qxc7# 1-0

[Event "DEM U12/U12w 2006"]
[Site "Willingen GER"]
[Date "2006.06.04"]
[Round "2"]
[White "Günther, Elisabeth"]
[Black "Gerntke, Oliver"]
[Result "0-1"]
[Termination "normal"]
[Board "45"]
[WhiteElo "969"]
[BlackElo "1352"]
[PlyCount "114"]
[BlackFideId "24647977"]
[EventCountry "GER"]
[EventRounds "11"]
[EventType "swiss"]
[EventDate "2006.06.03"]

1. e4 e6 2. d4 d5 3. e5 c5 4. Nf3 Nc6 5. Bb5 Bd7 6. Bg5 Be7 7. Qd2 Bxg5 8. Qxg5
Qxg5 9. Nxg5 h6 10. Nf3 Nxd4 11. Bxd7+ Kxd7 12. Nxd4 cxd4 13. O-O Ne7 14. Nd2
Rac8 15. Rac1 Nc6 16. Nf3 Rc7 17. c4 dxc4 18. Rxc4 Rhc8 19. Rd1 Ke7 20. Nxd4
Nxe5 21. Rxc7+ Rxc7 22. Nb5 Rc2 23. Nxa7 Rxb2 24. Nc8+ Kf6 25. a4 Nd3 26. h3
Nc5 27. a5 Ra2 28. Rc1 Rxa5 29. Rc4 Na6 30. Rf4+ Rf5 31. Rf3 Rxf3 32. gxf3 b5
33. Nb6 b4 34. Kf1 Kf5 35. Nc4 Kf4 36. Ke2 f5 37. Nd2 Kg5 38. Kd3 e5 39. Kc4
Kh4 40. Kb5 Nc7+ 41. Kxb4 Kxh3 42. Kc5 Kg2 43. Kd6 Kxf2 44. Kxe5 Ke2 45. Kxf5
Kxd2 46. Kg6 Ke3 47. Kxg7 h5 48. Kg6 h4 49. Kg5 h3 50. Kg4 h2 51. Kg3 h1=Q 52.
f4 Qf1 53. Kg4 Qxf4+ 54. Kh3 Qg5 55. Kh2 Qg4 56. Kh1 Kf2 57. Kh2 Qg2# 0-1

[Event "DEM U12/U12w 2006"]
[Site "Willingen GER"]
[Date "2006.06.04"]
[Round "2"]
[White "Schubert, Torsten"]
[Black "Seel, Eric"]
[Result "0-1"]
[Termination "normal"]
[Board "46"]
[WhiteElo "1347"]
[BlackElo "897"]
[PlyCount "132"]
[EventCountry "GER"]
[EventRounds "11"]
[EventType "swiss"]
[EventDate "2006.06.03"]

1. e4 e5 2. Bc4 Nc6 3. Nc3 Nf6 4. d3 Bc5 5. Na4 Bb4+ 6. c3 Be7 7. b4 a6 8. Nb2
b5 9. Bb3 d6 10. Ne2 Bg4 11. O-O O-O 12. f3 Bd7 13. f4 exf4 14. Bxf4 Qc8 15.
Rf3 Bg4 16. Rf2 a5 17. Qe1 axb4 18. cxb4 Bxe2 19. Rxe2 Nd4 20. Re3 Nxb3 21.
axb3 Rxa1 22. Qxa1 c5 23. bxc5 Qxc5 24. Kh1 Rc8 25. Rg3 Nh5 26. Rg4 Nxf4 27.
Rxf4 Qc1+ 28. Rf1 Qc2 29. Qa6 Qc1 30. Kg1 Qc5+ 31. Kh1 Rf8 32. Qa1 Bf6 33. Qb1
d5 34. Rc1 Qd6 35. Rd1 Bxb2 36. Qxb2 dxe4 37. Qe2 exd3 38. Rxd3 Qb4 39. h3 h6
40. Rg3 Qf4 41. Kh2 Rc8 42. Qxb5 Rc3 43. Qe8+ Kh7 44. Qe1 Rxb3 45. h4 h5 46.
Kh3 Rxg3+ 47. Qxg3 Qxg3+ 48. Kxg3 Kh6 49. Kf4 Kg6 50. Ke5 f6+ 51. Kf4 Kf7 52.
Ke4 Ke6 53. Kf4 g6 54. g3 f5 55. Kg5 Kf7 56. Kh6 Kf6 57. Kh7 g5 58. Kh6 gxh4
59. gxh4 f4 60. Kxh5 Kf5 61. Kh6 f3 62. h5 f2 63. Kh7 f1=Q 64. h6 Kf6 65. Kh8
Qg1 66. Kh7 Kf7 0-1